Territórios mais populosos do mundo - Statistics

Estatísticas Gerais
  • Esse quiz foi jogado 33 vezes
  • A pontuação média é 6 de 15
Estatísticas das Respostas
População Região Território % Correto
7.534.200 Ásia Hong Kong
80%
3.203.295 Caribe Porto Rico
76%
155.826 Caribe Curaçao
56%
87.146 Caribe Ilhas Virgens Americanas
52%
687.900 Ásia Macau
52%
279.500 Pacífico Polinésia Francesa
44%
107.566 Caribe Aruba
40%
64.055 América do Norte Bermudas
40%
56.542 América do Norte Groenlândia
36%
153.836 Pacífico Guam
32%
264.596 Pacífico Nova Caledônia
32%
103.267 Europa Jersey
28%
64.781 Europa Guernsey
24%
84.738 Caribe Ilhas Cayman
24%
84.530 Europa Ilha de Man
16%
Nenhum quiz correspondente encontrado
Distribuição das Pontuações
Porcentagem de Pessoas com Cada Pontuação
Percentil de Números Respondidos
Sua Pontuação Histórica
Você não jogou esse quiz